LEADER 01425nam a2200289 u 4500 001 000000019388 003 CaOOAMICUS 005 20090612153255.0 008 950222s1994 fr u000 u fre u 020 $a270101316X 035 $a10465610 040 $aPUL(R)$bita 245 00$aHistoire et théologie :$bactes de la Journée d'études de l'Association française d'histoire religieuse contemporaine /$csous la direction de Jean-Dominique Durand. 260 $aParis :$bBeauchesne,$c1994. 300 $a180 p. ;$c22 cm 490 1 $aBibliothèque Beauchesne.$aReligions, société, politique ;$v27 500 $aIndex: p. 173-180. 504 $aBibliographie en note. 700 1 $aDurand, Jean-Dominique.$0(OLS)http://pul/name/8638 710 2 $aAssociation française d'histoire religieuse contemporaine.$0(OLS)http://pul/name/17028 830 0$aBibliothèque Beauchesne.$pReligions, société, politique ;$v27.$0(OLS)http://pul/title/14397 850 $aPUL 852 $aPUL$W1$xDP2 Religione 1$y63$m79 M 27$j27251$nBK-PRI$qStampati$B27251$CPULBib$Z2$F27251 $H82654 $82 941 1 $a8 996 $6020$a270101316X$9(OLS)http://pul/number/24829 996 $6245$aHistoire et théologie :$bactes de la Journée d'études de l'Association française d'histoire religieuse contemporaine$9(OLS)http://pul/title/27450 996 $6260$aParis :$bBeauchesne$9(OLS)http://pul/publisher/48115 LEADER 01213nam a2200253 i 4500 001 000000114196 003 CaOOAMICUS 005 20081222165305.0 008 081222s2007 it a u000 u ita r 040 $aPUL$bita$dLDB 100 1 $aLingiardi, Vittorio,$d1960-$0(OLS)http://pul/name/34583 245 10$aCompagni d'amore :$bda Ganimede a Batman, identità e mito nelle omosessualità maschili /$cVittorio Lingiardi. 260 $aMilano :$bR.C.S. Libri ;$aMilano :$bFabbri,$cc2007. 300 $a256 p. :$bill. ;$c22 cm. 490 1 $aLa grande biblioteca della psicologia 504 $aBibliografia : p. [221]-236. 650 14$aOmosessualità.$0(OLS)http://pul/subject/16263 830 3$aLa grande biblioteca della psicologia.$0(OLS)http://pul/title/132327 850 $aPUL 852 $aPUL$W1$xSL Filosofia 3$y81$m150 COLL 2.86$j130487$qDDC 21$B129558$CPULBib$Z2$F129558 $H109111 $82 941 1 $a9 996 $6245$aCompagni d'amore :$bda Ganimede a Batman, identità e mito nelle omosessualità maschili$9(OLS)http://pul/title/143517 996 $6260$aMilano :$bR.C.S. Libri$9(OLS)http://pul/publisher/74600 996 $6260$aMilano :$bFabbri$9(OLS)http://pul/publisher/55162